Vybrané kapitoly z teórie práva pre zdravotníckych a sociálnych pracovníkov

Bibliographic Details
Main Authors: Vlček, Robert, 1961- (Author), Vaculíková, Nadežda, 1960- (Author), Farkaš, Andrej (Author)
Format: Book
Language:Slovak
PhysicalDescription:128 s. 21 cm
Published: Bratislava Epos 2007
ISBN:9788080577032
Edition:[1. vyd]
Subjects:

MARC

LEADER 00000nam a2200000 a 4500
001 vtls008978431
003 SK-MaSNL
005 20260302042750.0
008 240314s2007 xo d p 000 0 slo
015 |a SNBA2007/06-02696 
020 |a 9788080577032  |q (brož.) 
035 |a 90C6DDDF-A4D4-4A74-A223-4AB9F00AEE2A 
035 |a urn:nbn:sk:snk-amkydt 
035 |a urn:nbn:sk:snk-am008q5p 
040 |a SNK  |b slo  |c SNK  |e AACR2 
041 0 |a slo 
044 |a xo  |c SK 
072 7 |a 34  |x Právo  |2 konspekt 
072 7 |a 37.016  |x Učebné osnovy. Vyučovacie predmety. Učebnice  |2 konspekt 
080 |a 34  |2 2001 
080 |a 364-43  |2 2001 
080 |a 81`373.46  |2 2001 
080 |a (075)  |2 2001 
080 |a 614.2  |2 2001 
100 1 |a Vlček, Robert,  |d 1961-  |4 aut  |9 220559 
245 1 0 |a Vybrané kapitoly z teórie práva pre zdravotníckych a sociálnych pracovníkov  |c Robert Vlček a kolektív 
250 |a [1. vyd] 
260 |a Bratislava  |b Epos  |c 2007 
300 |a 128 s.  |c 21 cm 
504 |a Bibliogr. s. 127 
650 0 7 |a zdravotníci  |2 SNKPH  |9 30081 
650 0 7 |a sociálni pracovníci  |2 SNKPH  |9 68206 
650 0 7 |a právo  |2 SNKPH  |9 976 
650 0 7 |a odborná terminológia  |2 SNKPH  |9 3616 
655 7 |a učebnice  |2 SNKPH  |9 22521 
700 1 |a Vaculíková, Nadežda,  |d 1960-  |4 aut  |9 201897 
700 1 |a Farkaš, Andrej  |4 aut  |9 473161 
919 |a 978-80-8057-703-2 
958 |a NB 
968 |d 34 
999 |c 1084021  |d 1085951 
952 |a SNK  |b SNK  |y PREZ  |7 0  |p 17A0549348  |o snkSC 127589  |i snk2007/10266  |8 0  |0 0  |1 0  |4 0  |d 2007-04-16  |f 1  |l 0  |r 2025-06-16 00:00:00  |w 2026-02-24 
952 |a SNK  |b SNK  |y VYP  |7 0  |p 17A0549349  |o snkSC 127589 D1  |i snk2007/10267  |8 0  |0 0  |1 0  |4 0  |d 2007-04-16  |l 0  |r 2026-02-24 16:35:42  |w 2026-02-24